Effect of post-budding practices on establishment and growth of green budded plants of Hevea brasiliensis in the polybage nursery (Record no. 49005)

MARC details
000 -LEADER
fixed length control field 00601nam a2200193Ia 4500
100 ## - MAIN ENTRY--AUTHOR NAME
Personal name Marattukalam J G
245 #0 - TITLE STATEMENT
Title Effect of post-budding practices on establishment and growth of green budded plants of Hevea brasiliensis in the polybage nursery
260 ## - PUBLICATION, DISTRIBUTION, ETC. (IMPRINT)
Name of publisher Natural Rubber Research
Year of publication 2005
300 ## - PHYSICAL DESCRIPTION
Number of Pages 172-175
650 ## - SUBJECT ADDED ENTRY--TOPICAL TERM
Topical Term Green budding
650 ## - SUBJECT ADDED ENTRY--TOPICAL TERM
Topical Term Nursery practices
650 ## - SUBJECT ADDED ENTRY--TOPICAL TERM
Topical Term Polybag plants
700 ## - ADDED ENTRY--PERSONAL NAME
Personal name Chandrasekhar T R
700 ## - ADDED ENTRY--PERSONAL NAME
Personal name Mercykutty V C
700 ## - ADDED ENTRY--PERSONAL NAME
Personal name Premakumari D
700 ## - ADDED ENTRY--PERSONAL NAME
Personal name Saraswathyamma C K
942 ## - ADDED ENTRY ELEMENTS (KOHA)
Koha item type Bibliography STAF
Holdings
Withdrawn status Lost status Damaged status Not for loan Home library Current library Shelving location Date acquired Serial Enumeration / chronology Koha item type
      Bibliography RRII Library RRII Library Botany 20/12/2006 Volume 18, Issue 2 Bibliography STAF